| 000 | 00537nam a22002057a 4500 | ||
|---|---|---|---|
| 003 | DO-SdBNP | ||
| 005 | 20220117071914.0 | ||
| 007 | ta | ||
| 008 | 211214b2021 ||||| |||| 00| 0 spa d | ||
| 020 | _a9789945221107 | ||
| 040 |
_aDO-SdBNP _bspa _cBNPHU |
||
| 082 | 4 |
_bF363p _222 |
|
| 100 | 1 |
_aFernández, Papo _973373 |
|
| 245 | 1 | 0 |
_aPasión por la lectura / _cPapo Fernández. |
| 260 |
_aSanto Domingo : _bBúho, _c2021. |
||
| 300 |
_a47 p. : _bil. ; _c24 cm |
||
| 590 | _aInventariado, 2021 / DG | ||
| 910 | _aD/G | ||
| 942 |
_2ddc _cLBS1 |
||
| 999 |
_c51122 _d51122 |
||